000 004110000a22001450004500
090 _aAR
_b01439
245 1 0 _aGenética que heredamos: ¿Un debate postergado?
650 1 4 _aGenética
_992806
650 1 4 _aEvolución
_992797
650 1 4 _aTeoría científica
_994757
041 0 _aEspañol
100 1 _aFlórez Góngora, Camilo José
_94308
942 _cARTICULO
773 1 _tPunto de vista
_3521
_h01
_q9-15
_d1998
999 _c10523
_d10523